=LDR 00000nam 2200000 4500 =001 INLIS000000000032847 =005 20200211014840 =035 ##$$a 0010-061300000032847 =008 200211################g##########0#ind## =041 ##$$a Ind =082 ##$$a 157 =090 ##$$a 157, Hal f =100 ##$$a Hall,Calvin S =245 1#$$a Freud, Seks,Obsesi,Trauma, dan Katarsis, Calvin S Hall /$c Calvin S Hall =260 ##$$a Jakarta :$b DELAPRATASA,$c 1995 =300 ##$$a 167 hlm., ; $c 14 X 19 cm =650 #4$$a Psikologi,Patologis =850 ##$$a NBPNMAT =084 ##$$a 157 HAL f =250 ##$$a Cet.1 =990 ##$$a 89.914/ro-95